Guia metodològica per a la regulació dels usos dels locals comercials en planta baixa / [textos: Manubens y Asociados, S.L., Barcelona Economia, S.L.] Manubens y Asociados, S.L., Barcelona Economia, S.L.]
ISBN:
978-84-9803-437-0
Descripción Física:
60 p. ; 29 cm
Materias:
Comerç -- Regulació -- Catalunya
MARC
| LEADER | 00000nam a2200000Ia 4500 | ||
|---|---|---|---|
| 001 | 23372 | ||
| 003 | BGR | ||
| 005 | 20260324180548.0 | ||
| 008 | 160829s2011 xx 000 0 cat d | ||
| 020 | |a 978-84-9803-437-0 | ||
| 080 | |a M-6-420 | ||
| 245 | |a Guia metodològica per a la regulació dels usos dels locals comercials en planta baixa / [textos: |b Manubens y Asociados, S.L., Barcelona Economia, S.L.] | ||
| 260 | |a Barcelona : |b Diputació de Barcelona. Àrea de Comerç. Servei de Comerç Urbà, |c 2011 | ||
| 300 | |a 60 p. ; |c 29 cm | ||
| 490 | |a Desenvolupament econòmic. Documents de treball ; 12 | ||
| 650 | |a Comerç |x Regulació |x Catalunya |9 48733 | ||
| 710 | 1 | |a Barcelona (Catalunya : Província). |b Servei de Comerç Urbà |9 51855 | |
| 710 | 2 | |a Manubens & Asociados Abogados |9 70669 | |
| 710 | 2 | |a Barcelona Economia, S. L. |9 70670 | |
| 901 | |a Arxiu | ||
| 942 | |n 1 |2 udc |c MON | ||
| 952 | |0 0 |1 0 |4 0 |6 M6420 |7 1 |9 54810 |a Arxiu |b Arxiu |d 2012-01-17 |l 0 |o M-6-420 |p 23372 |r 2016-12-01 00:00:00 |w 2016-12-01 |y ARXIU | ||
| 999 | |c 58679 |d 58679 | ||